000 01596nam a2200409 c 4500
001 21541
003 ES-MaCES
005 20141221122731.0
008 081009s2008 sp t o000 | spa d
017 _aM 42526-2008
_bDL
017 _aM 42528-2008 (CD-ROM)
_bDL
020 _a9788497201384
024 7 _a601-08-128-X
_2nipo
024 7 _a601-08-129-5 (CD-ROM)
_2nipo
035 _aCES20080010012m
040 _aES-MaCES
_bspa
_cES-MaCES
245 0 0 _aPresentación del Proyecto de Presupuestos Generales del Estado 2009
_c[elaboración y coord., Ministerio de Economía y Hacienda, Secretaría de Estado de Hacienda y Presupuestos]
260 _aMadrid
_bCentro de Publicaciones, Ministerio de Economía y Hacienda
_c[2008]
300 _a292, [8] p.
_c24 cm
_e1 CD-ROM
500 _aPubl. simultáneamente en CD-ROM
500 _aÍndices
541 _cGratuito
650 4 _apresupuesto nacional
_928073
650 4 _adistribución del ingreso
_927109
650 4 _adistribución del gasto
_930938
650 4 _aEspaña
_926964
650 4 _a2009
_931942
650 4 _aCD ROM
_930331
653 1 0 _aHacienda Pública
710 1 _aEspaña
_bMinisterio de Economía y Hacienda
_eed.
_93237
710 1 _aEspaña
_bSecretaría de Estado de Hacienda y Presupuestos
_93362
787 0 _tPresentación del Proyecto de Presupuestos Generales del Estado 2010
_w(ES-MaCES)22669
787 0 _tPresentación del Proyecto de Presupuestos Generales del Estado 2008
_w(ES-MaCES)20701
902 _aLIB Libro
942 _2CES
_cBK
_h0.1.
999 _c21541
_d21541